书目信息 |
| 题名: |
工业4.0大革命
|
|
| 作者: | 水木然 著 | |
| 分册: | ||
| 出版信息: | 北京 电子工业出版社 2015 |
|
| 页数: | 192页 | |
| 开本: | 24cm | |
| 丛书名: | ||
| 单 册: | ||
| 中图分类: | F419 | |
| 科图分类: | ||
| 主题词: | 产业革命--研究--世界--现代 , 产业革命--研究--世界--现代 | |
| 电子资源: | ||
| ISBN: | 978-7-121-25691-2 | |
| 000 | 00850nam0 2200241 450 | |
| 001 | 3597 | |
| 001 | 01XX11379798@CSLN | |
| 005 | 20160926143903.95 | |
| 010 | @a978-7-121-25691-2@b平装@dCNY49.00 | |
| 100 | @a20150506d2015 em y0chiy50 ea | |
| 101 | 0 | @achi |
| 102 | @aCN@b110000 | |
| 105 | @ay z 000yy | |
| 200 | 1 | @a工业4.0大革命@9gong ye 4.0 da ge ming@f水木然著 |
| 210 | @a北京@c电子工业出版社@d2015 | |
| 215 | @a192页@d24cm | |
| 330 | @a本书解读了工业4.0的起源及现存状况,梳理了与工业4.0相关的各种最前沿科技成果,针对德、美、日等强国进行了优势分析与对比,针对我国面对工业4.0的优劣势与切入点、现状与出路等进行了分析和讨论。 | |
| 606 | 0 | @a产业革命@x研究@y世界@z现代 |
| 606 | @a产业革命@x研究@y世界@z现代 | |
| 690 | @aF419@v5 | |
| 701 | 0 | @a水木然@9shui mu ran@4著 |
| 801 | 0 | @aCN@b唐山师范学院图书馆@c20151001 |
| 905 | @aZUCC@dF419@e14 | |
| 工业4.0大革命/水木然著.-北京:电子工业出版社,2015 |
| 192页;24cm |
| ISBN 978-7-121-25691-2(平装):CNY49.00 |
| 本书解读了工业4.0的起源及现存状况,梳理了与工业4.0相关的各种最前沿科技成果,针对德、美、日等强国进行了优势分析与对比,针对我国面对工业4.0的优劣势与切入点、现状与出路等进行了分析和讨论。 |
| ● |
| 相关链接 |
|
|
|
|
正题名:工业4.0大革命
索取号:F419/14
 
预约/预借
| 序号 | 登录号 | 条形码 | 馆藏地/架位号 | 状态 | 备注 |
| 1 | 905282 | 209052825 | 第一样本阅览室/ [索取号:F419/14] | 在馆 | |
| 2 | 905283 | 209052834 | 第一借阅区/ [索取号:F419/14] | 在馆 | |
| 3 | 905284 | 209052843 | 第一借阅区/ [索取号:F419/14] | 在馆 | |
| 4 | 905285 | 209052852 | 第一借阅区/ [索取号:F419/14] | 在馆 | |
| 5 | 905286 | 209052861 | 第一借阅区/ [索取号:F419/14] | 在馆 |